राजीव गाँधी एवं संसद (Record no. 31472)

MARC details
000 -LEADER
fixed length control field 00397nam a22001337a 4500
003 - CONTROL NUMBER IDENTIFIER
control field SGT
020 ## - INTERNATIONAL STANDARD BOOK NUMBER
International Standard Book Number 8123901526
082 ## - DEWEY DECIMAL CLASSIFICATION NUMBER
Classification number 080
Item number R92J
100 ## - MAIN ENTRY--PERSONAL NAME
Personal name जैन सी. के.
245 ## - TITLE STATEMENT
Title राजीव गाँधी एवं संसद
260 ## - PUBLICATION, DISTRIBUTION, ETC. (IMPRINT)
Name of publisher, distributor, etc CBS पब्लिशर्स एंड डिस्ट्रीब्यूटर्स
Year of Publication 1992
300 ## - PAGE DESCRIPTION
No. of Pages 683
942 ## - ADDED ENTRY ELEMENTS (KOHA)
Source of classification or shelving scheme Dewey Decimal Classification
Koha item type Books
Holdings
Withdrawn status Lost status Source of classification or shelving scheme Damaged status Not for loan Home library Current library Shelving location Date acquired SGTU Total Checkouts Full call number Accession No. (Barcode) Date last seen Bill Date Koha item type
    Dewey Decimal Classification   Not For Loan SGT Chancellor's Library SGT Chancellor's Library Reference Book 17/06/2025 SGTU   080 R92J CH3479 17/06/2025 17/06/2025 Books